000 00675cam a2200205 a 4500
001 000013007
005 20200929163124.0
008 730102s1956 nyua 001 0 eng d
040 _aDO-SdBNP
_beng
_cLC
_dBNPHU
050 0 0 _aHV8141
_b.W45
082 _a351.74
_bW592f
100 1 _aWhitehead, Don,
_d1908-
_929995
245 1 4 _aThe FBI story :
_ba report to the people /
_cDon Whitehead ; prólogo J. Edgar Hoover.
260 _aNew York :
_bRandom House,
_c1956.
300 _a368 p. ;
_c24 cm.
610 1 0 _aUnited States.
_bFederal Bureau of Investigation.
_929996
700 1 _aHoover, J. Edgar,
_epról.
_929997
910 _aCatalogación por copia / LC
049 _aBNGR
999 _c12654
_d12654